00421nam a22001217a 4500008004100000040005500041080001900096245008400115260006100199300001000260650001500270653001400285230515b |||||||| |||| 00| 0 eng d aNational Science LibrarycNational Science Library a551.5(540)bN2 aMonsoons, floods and cyclones in India c/ Birla Economics Research Foundation  aNew Delhi: bBirla Economics Research Foundation, c1992 a65p.  aEconomics  aResearch